00750nam a2200241 a 4500001001300000003000900013005001700022008004100039020000900080082001800089100001900107245006900126260005900195300000900254500003500263505001000298650003400308700001900342902000800361942000700369952011700376999001500493nice12345678IN_TiNIC20260116012355.0050524s1984 bana grp 000 0 eng  ac7000a320.0954bMAT aMathew, George aShift in Indian Politicsb 1983 Elections in A. P. and Karnataka aBangalorebChristian Instt.For Study of Religionc1984 a185p aincludes index and biblioraphy2 aIndex aIndia-Politics and Government1 aMathew, George bSRS cBK 001040708StackRoom-aHMIbHMId2007-04-05g70.00l0o320.0954 MATp011307r2007-04-05v70.00w2005-05-24yBK c6757d6757